000 00221nam a22000857a 4500
008 170612b xxu||||| |||| 00| 0 eng d
100 _93347
_aSharma. S. N
245 _aMental Mathematics - 3
260 _aNew Delhi
_bG. B. P
_c2009
999 _c6677
_d6677